000 00343nam a2200097Ia 4500
008 220120s9999||||xx |||||||||||||| ||und||
100 _aBelliappa P.M, Pramod Kumar H.K and Vinoda B.S
_912343
245 0 _aOnline scheduling for multiprocessor
260 _aCoorg Institute of Technology
_bPonnampet
_c2011
650 _aELECTRONICS AND COMMUNICATIONS
999 _c137929
_d137929